|
|
|
|
| LEADER |
00000cam a2200000 7i4500 |
| 001 |
0000000427 |
| 005 |
20110718.0 |
| 090 |
0 |
0 |
|a JPSM 333.75
|b MAL 1983
|
| 110 |
1 |
0 |
|a MALAYSIA
|c Jabatan Perhutanan Semenanjung Malaysia
|
| 245 |
1 |
0 |
|a Pengenalan kayu kayan
|
| 260 |
0 |
0 |
|a Kuala Lumpur :
|b Unit Latihan Perhutanan, Jabatan Perhutanan Semenanjung Malaysia ,
|c 1983
|
| 300 |
|
|
|a 55 p. :
|b ill., plates ;
|c 26 cm.
|
| 500 |
0 |
0 |
|a Includes index
|
| 650 |
0 |
0 |
|a Timber
|x Nomenclature
|
| 998 |
|
|
|a JPSM
|
| 999 |
|
|
|a 0000001558
|b Monograph
|c Reference
|e Default branch
|
| 999 |
|
|
|a 0000005093
|b Monograph
|c Open Shelf
|e Default branch
|
| 999 |
|
|
|a 0000005094
|b Monograph
|c Open Shelf
|e Default branch
|
| 999 |
|
|
|a 0000005095
|b Monograph
|c Open Shelf
|e Default branch
|
| 999 |
|
|
|a 0000005167
|b Monograph
|c Open Shelf
|e Default branch
|